| 000 | 01937nam0a2200373 4500 | ||
|---|---|---|---|
| 001 | RU\NLR\bibl\1800715 | ||
| 005 | 20240726020320.0 | ||
| 020 |
_aRU _b10-1104 _9Летопись авторефератов диссертаций |
||
| 021 |
_aRU _b2010-27536а _91102аа |
||
| 035 | _a(NLR Aleph) 001791385 | ||
| 090 |
_a1759611 _c1759611 |
||
| 100 | _a20110727d2010 u u0rusy50 ca | ||
| 101 | 0 | _arus | |
| 102 | _aRU | ||
| 105 | _aa dm ||||| | ||
| 135 | _acrgn 008aaaba | ||
| 200 | 1 |
_aПредупреждение травматизма и профессиональных заболеваний работников АПК за счет организационно-технических мероприятий _e(на примере Тюменской области) _eавтореферат диссертации на соискание ученой степени кандидата технических наук _eспециальность 05.26.01 <Охрана труда по отраслям> _fСатюкова Любовь Александровна _g[С.-Петерб. гос. аграр. ун-т] |
|
| 210 |
_aСанкт-Петербург _d2010 |
||
| 215 |
_a17 с. _cил. _d21 |
||
| 320 | _aБиблиогр.: с. 16-17 (12 назв.) | ||
| 325 | _aКопия доступна в Электрон. б-ке РНБ | ||
| 610 | 0 | _aТюменская обл., техн. науки | |
| 675 |
_a613.6 _v3 _zrus |
||
| 686 |
_a76.33 _2rugasnti |
||
| 686 |
_a51.244 _2rubbk |
||
| 686 |
_a05.26.01 _2oksvnk |
||
| 700 | 1 |
_aСатюкова _bЛ. А. _gЛюбовь Александровна _4070 |
|
| 801 | 0 |
_aRU _bRKP _c20110727 _gPSBO |
|
| 801 | 1 |
_aRU _bRKP _c20110727 |
|
| 801 | 2 |
_aRU _bNLR _c20110818 _grcr |
|
| 901 | _eАвторефераты | ||
| 942 | _cBOOK | ||
| 981 | 1 | 0 | _a(10) Авторефераты |